[Event "Budapest FS02 IM-A"]
[Site "Budapest"]
[Date "1995.??.??"]
[Round "10"]
[White "Gonzalez Garcia, Jose"]
[Black "Szuk, Balazs"]
[Result "0-1"]
[WhiteElo "2360"]
[BlackElo "2335"]

1.d4 Nf6 2.c4 g6 3.Nc3 Bg7 4.e4 d6 5.Be2 O-O 6.Nf3 e5 7.O-O Nc6 8.d5 Ne7
9.Nd2 c6 10.a3 Ne8 11.b4 f5 12.f3 cxd5 13.cxd5 f4 14.Nc4 g5 15.Bd2 h5 16.Be1 Rf6
17.Rc1 b6 18.a4 Bd7 19.b5 Rg6 20.Na2 Nc8 21.h3 Nf6 22.Nb4 g4 23.Nc6 Qe8 24.hxg4 hxg4
25.fxg4 Nxg4 26.Bh4 Bf6 27.Qe1 Qf8 28.Bxf6 Qxf6 29.Rc3 Qg5 30.Bxg4 Bxg4 31.Qd2 Qh5
32.Kf2 Qh4+ 33.g3 fxg3+ 34.Rxg3 Rf6+ 35.Kg2 Rxf1 36.Ne3 Qh1+  0-1

[Event "Budapest FS10 IM-B"]
[Site "Budapest"]
[Date "1995.??.??"]
[Round "11"]
[White "Nikitin, Andrey"]
[Black "Farago, Sandor"]
[Result "1-0"]
[WhiteElo "2290"]
[BlackElo "2360"]

1.d4 Nf6 2.c4 g6 3.Nc3 Bg7 4.e4 d6 5.Be2 O-O 6.Nf3 e5 7.O-O Nc6 8.d5 Ne7
9.Ne1 Ne8 10.Be3 f5 11.f3 c5 12.dxc6 bxc6 13.Qd2 Be6 14.Rd1 Qc7 15.f4 fxe4
16.Nxe4 Nf5 17.fxe5 Bxe5 18.Nd3 Nxe3 19.Rxf8+ Kxf8 20.Qxe3 Bg7 21.Ng5 Bxc4
22.Qf4+ Bf6 23.Nxh7+ Qxh7 24.Qxc4 Qb7 25.Nf4 g5 26.Ne6+ Ke7 27.Qe4 Qb6+ 28.Kh1 d5
29.Qh7+ Kxe6 30.Bg4+ Kd6 31.Qd7+ Kc5 32.Rc1+ Kd4 33.b3 Qc7 34.Qe6 Be5 35.Rxc6 Ng7
36.Qg6 Rf8 37.Be2 Qxc6 38.Qxc6 Rh8 39.g3 Nf5 40.Kg1 Ne3 41.Qa6  1-0

[Event "Budapest FS05 IM"]
[Site "Budapest"]
[Date "1995.??.??"]
[Round "11"]
[White "Thallinger, Harald"]
[Black "Toth, Andras"]
[Result "1-0"]
[WhiteElo "2205"]
[BlackElo "2180"]

1.d4 Nf6 2.c4 g6 3.Nc3 Bg7 4.e4 d6 5.Be2 O-O 6.Nf3 e5 7.O-O Nc6 8.d5 Ne7
9.b4 Nd7 10.Be3 f5 11.Ng5 Nf6 12.f3 f4 13.Bf2 h6 14.Ne6 Bxe6 15.dxe6 c6 16.a4 g5
17.Ra2 Qc7 18.Rd2 Rad8 19.Qb3 Qc8 20.Bxa7 Qxe6 21.a5 Nc8 22.Bf2 h5 23.Rb1 Bh6
24.b5 g4 25.Bh4 Rd7 26.b6 Rg7 27.c5 Qxb3 28.Rxb3 Nd7 29.cxd6 Nc5 30.Rb1 Rd7
31.Bc4+ Kh7 32.Bf2 Rxd6 33.Rxd6 Nxd6 34.Bxc5 Nxc4 35.Bxf8 Bxf8 36.a6  1-0

[Event "Budapest FS08 IM-B"]
[Site "Budapest"]
[Date "1995.??.??"]
[Round "11"]
[White "Zupe, Miran"]
[Black "Peredy, Ferenc"]
[Result "0-1"]
[WhiteElo "2420"]
[BlackElo "2230"]

1.d4 Nf6 2.c4 g6 3.Nc3 Bg7 4.e4 d6 5.Nf3 O-O 6.Be2 e5 7.O-O Nc6 8.d5 Ne7
9.Nd2 Nd7 10.Rb1 f5 11.b4 Nf6 12.f3 f4 13.c5 g5 14.Nc4 Ng6 15.a4 Rf7 16.a5 Bf8
17.Ba3 h5 18.h3 Rg7 19.a6 b6 20.Nd2 g4 21.fxg4 hxg4 22.hxg4 Nh4 23.Kf2 Nxg4+
24.Bxg4 Bxg4 25.Nf3 Nxg2 26.Kxg2 Bh3+ 27.Kxh3 Qd7+ 28.Kh2 Qg4 29.Ng5 Qxg5  0-1

[Event "Budapest FS08 IM-A"]
[Site "Budapest"]
[Date "1995.??.??"]
[Round "12"]
[White "Petran, Peter"]
[Black "Boros, Daniel"]
[Result "1-0"]
[WhiteElo "2420"]
[BlackElo "2325"]

1.d4 Nf6 2.c4 g6 3.Nc3 Bg7 4.e4 d6 5.Nf3 O-O 6.Be2 e5 7.O-O Nc6 8.d5 Ne7
9.Bd2 Nd7 10.b4 f5 11.Ng5 Nf6 12.f3 c6 13.g4 h6 14.Ne6 Bxe6 15.dxe6 Qc8 16.c5 d5
17.g5 hxg5 18.Bxg5 Qxe6 19.Qb3 Kh8 20.Rad1 Rad8 21.Rd2 fxe4 22.fxe4 Nh7 23.exd5 Rxf1+
24.Bxf1 Qg4+ 25.Rg2 Qd4+ 26.Kh1 Rf8 27.Be2 Nxd5 28.Nxd5 Qxd5 29.Be3 Nf6 30.Bc4 Qe4
31.Qd3 Qxd3 32.Bxd3 e4 33.Bc4 Nd5 34.Rg3 Be5 35.Rh3+ Kg7 36.Bh6+ Kg8 37.Bxf8 Kxf8
38.Rh4 Nf4 39.Rg4 e3 40.Rg3 Bd4 41.Rf3 g5 42.h4 Kg7 43.hxg5 e2 44.Bxe2 Nxe2
45.Kg2 Kg6 46.Rf8 Kxg5 47.Rf7 b6 48.b5 Nf4+ 49.Kf3 Ne6 50.bxc6 Bxc5 51.Ke4 Nd4
52.Kd5 Nxc6 53.Kxc6 a5 54.a4 Kg6 55.Rf1 Kg7 56.Kd5 Kg6 57.Ke5 Kg5 58.Rf3 Kg4
59.Rd3 Bf2 60.Ke4 Bc5 61.Rd7 Kg5 62.Rf7 Kg6 63.Rf5 Bd6 64.Rf3 Kg5 65.Kd5 Bc5
66.Ke5 Kg4 67.Rf7 Kg3 68.Ke4 Kg2 69.Rf3 Be7 70.Rb3  1-0

[Event "Buenos Aires IVESS op"]
[Site "Buenos Aires"]
[Date "1995.??.??"]
[Round "6"]
[White "Rodriguez, Al"]
[Black "Fiorito, Fabian"]
[Result "0-1"]
[WhiteElo "2010"]
[BlackElo "2450"]

1.d4 Nf6 2.c4 g6 3.Nc3 Bg7 4.e4 d6 5.Nf3 O-O 6.Be2 e5 7.O-O Nc6 8.d5 Ne7
9.Nd2 a5 10.Rb1 Nd7 11.a3 f5 12.b4 Kh8 13.f3 b6 14.Qc2 f4 15.Nb5 g5 16.Bb2 Rg8
17.g4 fxg3 18.hxg3 Ng6 19.Kg2 h5 20.Rh1 h4 21.Nf1 axb4 22.axb4 Nf6 23.c5 bxc5
24.bxc5 Bf8 25.cxd6 Bxd6 26.Ne3 Nh5 27.Nf5 Bxf5 28.exf5 Ne7 29.Qe4 Nxg3 30.Bxe5+ Kh7
31.Bxg3 Bxg3 32.Qg4 Nxd5 33.Qh5+ Kg7 34.Qg6+ Kf8 35.Qh6+ Rg7 36.Qh8+ Kf7
37.Qxd8 Rxd8 38.Bc4 Kf6 39.Rhd1 Rgd7 40.Rxd5 Rxd5  0-1

[Event "Buenos Aires Najdorf"]
[Site "Buenos Aires"]
[Date "1995.??.??"]
[Round "7"]
[White "Panno, Oscar"]
[Black "Ricardi, Pablo"]
[Result "1/2-1/2"]
[WhiteElo "2510"]
[BlackElo "2545"]

1.c4 Nf6 2.Nc3 g6 3.e4 d6 4.d4 Bg7 5.Nf3 O-O 6.Be2 e5 7.O-O Nc6 8.d5 Ne7
9.b4 Nh5 10.Re1 f5 11.Ng5 Nf6 12.f3 c6 13.Be3 Bh6 14.Bd2 cxd5 15.cxd5 fxe4
16.fxe4 Qb6+  1/2-1/2

[Event "Bytom op"]
[Site "Bytom"]
[Date "1995.??.??"]
[Round "?"]
[White "Bialy, Rafal"]
[Black "Obierak, Wladyslaw"]
[Result "0-1"]
[WhiteElo "2125"]
[BlackElo "2110"]

1.d4 Nf6 2.Nf3 d6 3.c4 g6 4.Nc3 Bg7 5.e4 O-O 6.Be2 Nc6 7.O-O e5 8.d5 Ne7
9.Ne1 Nd7 10.Be3 f5 11.f3 f4 12.Bf2 g5 13.a4 a5 14.Rc1 b6 15.Nd3 Nc5 16.Nb5 Ng6
17.b4 Nxd3 18.Qxd3 axb4 19.Qb3 Rf7 20.Qxb4 Bf8 21.Ra1 h5 22.Qd2 g4 23.a5 Rxa5
24.Rxa5 bxa5 25.Ra1 Qg5 26.Rxa5 Nh4 27.Bxh4 Qxh4 28.Ra7 g3 29.h3 Bxh3 30.gxh3 g2
31.Bf1 gxf1=N 32.Kxf1 Rg7 33.Qh2 Rg3 34.Ke2 Rxh3 35.Qg2+ Rg3 36.Qf1 Qh2+
37.Kd3 Rg1 38.Qe2 Rg2 39.Qd1 Qg3 40.Nxc7 Qf2  0-1

[Event "Cannes op"]
[Site "Cannes"]
[Date "1995.??.??"]
[Round "5"]
[White "Tratar, Marko"]
[Black "Touzane, Olivier"]
[Result "1-0"]
[WhiteElo "2420"]
[BlackElo "2310"]

1.d4 Nf6 2.Nf3 g6 3.c4 Bg7 4.Nc3 O-O 5.e4 d6 6.Be2 e5 7.O-O Nc6 8.d5 Ne7
9.Nd2 a5 10.Rb1 Nd7 11.a3 f5 12.b4 Kh8 13.f3 Ng8 14.Qc2 Ngf6 15.Bd3 f4 16.Be2 g5
17.Nb5 axb4 18.axb4 h5 19.c5 Ne8 20.Bb2 Ndf6 21.Ra1 Rxa1 22.Rxa1 Bd7 23.Ra7 Qb8
24.Qa4 c6 25.dxc6 bxc6 26.Nxd6 Nxd6 27.Bxe5 Qe8 28.Bxd6 Rg8 29.Bc4 g4 30.Bxg8 Nxg8
31.e5 gxf3 32.Nxf3 Bg4 33.Qb3 Qg6 34.Ra8 Be6 35.Qd1 Bd5 36.b5 Qe4 37.b6 Qe3+
38.Kh1 h4 39.Qe1 Qb3 40.Qxh4+ Bh6 41.Qxh6+  1-0

[Event "Cannes op"]
[Site "Cannes"]
[Date "1995.??.??"]
[Round "7"]
[White "Tratar, Marko"]
[Black "Boyd, Stephen"]
[Result "1/2-1/2"]
[WhiteElo "2420"]
[BlackElo "2275"]

1.d4 Nf6 2.Nf3 g6 3.c4 Bg7 4.Nc3 O-O 5.e4 d6 6.Be2 e5 7.O-O Nc6 8.d5 Ne7
9.Nd2 a5 10.a3 Bd7 11.b3 c6 12.Rb1 Qc7 13.Bb2 c5 14.Nb5 Bxb5 15.cxb5 Nd7
16.Nc4 Nb6 17.g3 Nxc4 18.bxc4 f5 19.exf5 Nxf5 20.Bd3 Rf7 21.Be4 Raf8 22.Qd3 b6
23.Bc1 Qe7 24.Bd2 Nd4 25.f3 Re8 26.Kg2  1/2-1/2

[Event "Cannes op"]
[Site "Cannes"]
[Date "1995.??.??"]
[Round "8"]
[White "Nikcevic, Nebojsa"]
[Black "Lanka, Zigurds"]
[Result "1-0"]
[WhiteElo "2435"]
[BlackElo "2510"]

1.Nf3 Nf6 2.c4 g6 3.Nc3 Bg7 4.e4 d6 5.d4 O-O 6.Be2 e5 7.O-O Nc6 8.d5 Ne7
9.Bg5 Nd7 10.Nd2 f5 11.f3 f4 12.Bh4 Kh8 13.b4 h5 14.Rc1 g5 15.Bxg5 Bf6 16.Bxf6+ Nxf6
17.c5 Rg8 18.Nc4 h4 19.Kf2 Bd7 20.Rg1 Ng6 21.Ke1 Qe7 22.cxd6 cxd6 23.Kd2 Rg7
24.Qe1 Rag8 25.Qf2 b6 26.Kc2 Nh5 27.Kb3 Qf6 28.a4 Ne7 29.Na3 Nc8 30.Ba6 Qd8
31.Ncb5 Rh7 32.Bxc8 Bxc8 33.Nc4 a6 34.Nbxd6 b5 35.Nxc8 bxc4+ 36.Rxc4 Nf6
37.Rgc1 h3 38.gxh3 Rxh3 39.R1c3 Ne8 40.Rc6 Qg5 41.Nd6 Nxd6 42.Rxd6 Qh5 43.Qb6 Rxh2
44.Rd8 Rg2 45.Qf6+ Rg7 46.Rxg8+ Kxg8 47.Qxa6  1-0

[Event "Cappelle op"]
[Site "Cappelle la Grande"]
[Date "1995.??.??"]
[Round "1"]
[White "Bouton, Christophe"]
[Black "Krakops, Maris"]
[Result "0-1"]
[WhiteElo "2260"]
[BlackElo "2475"]

1.d4 Nf6 2.c4 g6 3.Nc3 Bg7 4.e4 d6 5.Be2 O-O 6.Nf3 e5 7.O-O Nc6 8.d5 Ne7
9.Nd2 a5 10.Rb1 Nd7 11.a3 f5 12.b4 Kh8 13.Bd3 f4 14.f3 g5 15.Qc2 Ng6 16.c5 axb4
17.axb4 dxc5 18.Nb5 c6 19.dxc6 bxc6 20.Nd6 Rf6 21.Nxc8 cxb4 22.Rxb4 Bf8 23.Rb1 Rxc8
24.Nc4 Bc5+ 25.Kh1 Bd4 26.Bb2 c5 27.Rfd1 Ne7 28.Bxd4 cxd4 29.Qe2 Qc7 30.Rb5 Nc5
31.Nb2 Rc6 32.h3 Rb8 33.Rxb8+ Qxb8 34.Bc4 Rb6 35.Nd3 Nxd3 36.Qxd3 Qa7 37.Rb1 Kg7
38.Rxb6 Qxb6 39.Qa3 Qc7 40.Qa6 Qc6 41.Qa2 Nc8 42.Kh2 Qc7 43.Qb3 Nd6 44.Bd3 Qe7
45.Qd5 h5 46.Kg1 Ne8 47.Qc6 Nf6 48.Bc4 Qd7 49.Qa6 Qe7 50.Qc6 Kg6 51.Qc8 Qd7
52.Qa6 Kg7 53.Qa5 Qe7 54.Qa6 g4 55.hxg4 hxg4 56.fxg4 Nxg4 57.Qc8 Ne3 58.Qg8+ Kf6
59.Qh8+ Kg5 60.Qg8+ Kf6 61.Qh8+ Qg7 62.Qd8+ Kg6 63.Qe8+ Kh6 64.Qe6+ Qg6 65.Qh3+ Kg5
66.Be2 Kf6 67.Bf3 Qg3 68.Qh8+ Qg7 69.Qd8+ Qe7 70.Qh8+ Ke6 71.Qg8+ Kd6 72.Qb3 Qa7
73.Qb4+ Kc6 74.Qf8 Qc7 75.Qa8+ Kb6 76.Be2 Kc5 77.Qa3+ Kc6 78.Qa8+ Kd6 79.Qf8+ Qe7
80.Qb8+ Ke6 81.Qg8+ Kd7 82.Qb8 Ke6 83.Qc8+ Kf6 84.Qh8+ Qg7 85.Qd8+ Kg6 86.Qe8+ Kg5
87.Qd8+ Qf6 88.Qe8 Kh6 89.Qh5+ Kg7 90.Qe8 Qd6 91.Qb5 Kh6 92.Qb3 Qc6 93.Bf3 Qc1+
94.Kh2 Nf1+ 95.Kh3 Qc8+ 96.Kh4 Qd8+ 97.Kh3 Kg5 98.g3 Qh8+ 99.Kg2 Ne3+ 100.Kf2 fxg3+
101.Ke2 Qc8 102.Kd3 g2 103.Bxg2 Nxg2 104.Qb1 Nf4+ 105.Kd2 Qc3+ 106.Kd1 Qf3+
107.Kd2 Qe2+  0-1

[Event "Cappelle op"]
[Site "Cappelle la Grande"]
[Date "1995.??.??"]
[Round "1"]
[White "Olcayoz, Alper"]
[Black "Roeder, Mathias"]
[Result "0-1"]
[WhiteElo "2240"]
[BlackElo "2440"]

1.Nf3 d6 2.c4 g6 3.Nc3 Bg7 4.d4 Nf6 5.e4 O-O 6.Be2 e5 7.O-O Nc6 8.d5 Ne7
9.b4 a5 10.bxa5 c5 11.Nd2 Rxa5 12.Nb3 Ra6 13.a4 Nd7 14.a5 f5 15.f3 Kh8 16.Bd2 Ng8
17.Na4 Bh6 18.Bxh6 Nxh6 19.Qd2 f4 20.Qc3 g5 21.g4 Ng8 22.Rfb1 Ne7 23.Nb6 Ng6
24.Nxc8 Qxc8 25.Ra2 h5 26.h3 Nh4 27.Bd1 Nf6 28.Rh2 Qc7 29.Rhb2 Qc8 30.Rh2 Kg7
31.Nc1 Rf7 32.Nd3 Qc7 33.Rb5 b6 34.axb6 Rxb6 35.Rxb6 Qxb6 36.Rb2 Qa6 37.Rb3 Rb7
38.Rxb7+ Qxb7 39.Qb2 Qa6 40.Qc3 Qa2 41.Ne1 Kg6 42.Qc2 Qa1 43.Kf1 Qa3 44.Qb3 Qc1
45.Qc2 Qe3 46.Qd3 Qd4 47.Qxd4 exd4 48.Ba4 Kf7 49.Ke2 Ng6 50.Nd3 hxg4 51.hxg4 Ke7
52.Kd2 Ng8 53.Bb3 Nh6 54.Bd1 Nf7 55.Be2 Nfe5 56.Ne1 Nh4 57.Kc2 Kd7 58.Kb2 Kc7
59.Kb3 Kb6 60.Ka4 d3 61.Bd1 d2 62.Nc2 Nxc4 63.Kb3 Ne5 64.Kc3 Nhxf3 65.Na3 Nh2
66.Kxd2 Nhxg4  0-1

[Event "Cappelle op"]
[Site "Cappelle la Grande"]
[Date "1995.??.??"]
[Round "2"]
[White "Sherbakov, Ruslan"]
[Black "Belov, Igor"]
[Result "1/2-1/2"]
[WhiteElo "2520"]
[BlackElo "2430"]

1.d4 Nf6 2.c4 g6 3.Nc3 Bg7 4.e4 d6 5.Be2 O-O 6.Nf3 e5 7.O-O Nc6 8.d5 Ne7
9.Nd2 a5 10.Rb1 Bd7 11.a3 a4 12.b4 axb3 13.Nxb3 Ba4 14.Nxa4 Rxa4 15.Qc2 b6
16.Ra1 Nd7 17.Be3  1/2-1/2

[Event "Cappelle op"]
[Site "Cappelle la Grande"]
[Date "1995.??.??"]
[Round "4"]
[White "Chuchelov, Vladimir"]
[Black "Appleberry, Martin"]
[Result "1-0"]
[WhiteElo "2530"]
[BlackElo "2250"]

1.d4 Nf6 2.Nf3 g6 3.c4 Bg7 4.Nc3 O-O 5.e4 d6 6.Be2 e5 7.O-O Nc6 8.d5 Ne7
9.Nd2 a5 10.a3 Nd7 11.Rb1 c5 12.Nb5 Ra6 13.b4 axb4 14.axb4 cxb4 15.Nb3 f5
16.exf5 Nxf5 17.Bd2 Nc5 18.Bxb4 b6 19.Nd2 Qe7 20.Bxc5 bxc5 21.Ne4 Bd7 22.Nbc3 Ra7
23.Rb6 Qd8 24.Qb1 Qc7 25.Qb2 h6 26.Rb1 Rf7 27.Rb7 Rxb7 28.Qxb7 Qxb7 29.Rxb7 Bf8
30.Rxd7  1-0

[Event "Cappelle op"]
[Site "Cappelle la Grande"]
[Date "1995.??.??"]
[Round "6"]
[White "Bern, Ivar"]
[Black "Sousa, Armindo"]
[Result "1/2-1/2"]
[WhiteElo "2360"]
[BlackElo "2205"]

1.c4 Nf6 2.Nc3 g6 3.e4 d6 4.d4 Bg7 5.Be2 O-O 6.Nf3 e5 7.O-O Nc6 8.d5 Ne7
9.Nd2 Ne8 10.b4 f5 11.c5 Kh8 12.a4 a5 13.Ba3 axb4 14.Bxb4 fxe4 15.cxd6 Nxd6
16.Ndxe4 Nxe4 17.Nxe4 Rf4 18.Bxe7 Qxe7 19.f3 Rf8 20.Qb3 Rd8 21.a5 Bf8 22.Rfb1 Bf5
23.Bd3 Bxe4 24.Bxe4 Qc5+ 25.Kh1 Rxa5 26.Rxa5 Qxa5 27.Qxb7 Bd6 28.Qb2 Rf8
29.Qc1 Qa4 30.Qh6 Qe8 31.g3 Qf7 32.h4 Qg7 33.Qd2 Qf6 34.Kg2 Rc8 35.Rh1 Rb8
36.Ra1  1/2-1/2

[Event "Cappelle op"]
[Site "Cappelle la Grande"]
[Date "1995.??.??"]
[Round "6"]
[White "Primel, Dominique"]
[Black "Zaitseva, Tamara"]
[Result "1/2-1/2"]
[WhiteElo "2035"]
[BlackElo "2310"]

1.Nf3 Nf6 2.c4 g6 3.Nc3 Bg7 4.e4 d6 5.d4 O-O 6.Be2 Nc6 7.O-O e5 8.d5 Ne7
9.Ne1 a5 10.Be3 Nd7 11.Nd3 f5 12.f3 f4 13.Bf2 g5 14.c5 Nf6 15.Kh1 Ng6 16.cxd6 cxd6
17.Nb5 Rf7 18.Rc1 Bf8 19.Rc3 Ne8 20.Qc2 Bd7 21.a4 h5 22.Rc1 g4 23.b3  1/2-1/2

[Event "Cappelle op"]
[Site "Cappelle la Grande"]
[Date "1995.??.??"]
[Round "6"]
[White "Nemet, Ivan"]
[Black "Beckhuis, Gernod"]
[Result "0-1"]
[WhiteElo "2420"]
[BlackElo "2265"]

1.d4 Nf6 2.Nf3 g6 3.c4 Bg7 4.Nc3 O-O 5.e4 d6 6.Be2 e5 7.O-O Nc6 8.d5 Ne7
9.Nd2 a5 10.b3 Nd7 11.Ba3 f5 12.b4 axb4 13.Bxb4 Kh8 14.a4 Ng8 15.Nb3 Ndf6
16.exf5 gxf5 17.c5 Ne7 18.cxd6 cxd6 19.a5 Rg8 20.a6 bxa6 21.Na5 Bh6 22.Nc4 Rg6
23.Bxd6 e4 24.Qd4 f4 25.Bh5 Nf5 26.Qe5 Rg7 27.Bc5 Nxh5 28.Nxe4 f3 29.g3 Bf4
30.Qb2 Qh4 31.Rfe1 Qh3 32.Ne3 Rb8 33.Qxb8 Bxb8  0-1

[Event "Ceuta"]
[Site "Ceuta"]
[Date "1995.??.??"]
[Round "3"]
[White "Pogorelov, Ruslan"]
[Black "Garcia Luque, Agustin"]
[Result "1-0"]
[WhiteElo "2440"]
[BlackElo "2370"]

1.Nf3 Nf6 2.c4 g6 3.Nc3 Bg7 4.e4 d6 5.d4 O-O 6.Be2 e5 7.O-O Nc6 8.d5 Ne7
9.Ne1 Nd7 10.Be3 f5 11.f3 f4 12.Bf2 h5 13.a4 g5 14.Nb5 a6 15.Nc3 Ng6 16.a5 Rf7
17.Na4 Nf6 18.c5 g4 19.cxd6 g3 20.hxg3 fxg3 21.Bxg3 cxd6 22.Nb6 h4 23.Bh2 Nh5
24.f4 Ng3 25.Nxa8 Nxf4 26.Rxf4 exf4 27.Bf3 Bxb2 28.Rb1 Bc3 29.Nb6 Bxa5 30.Qd4 Rc7
31.Bxg3 Bc3 32.Qd1 hxg3 33.Kf1 Rh7 34.Ke2 Rh1 35.Qc2 Qf6 36.Nxc8 Qd4 37.Ne7+ Kf7
38.Nf5 Qf2+ 39.Kd3 Be5 40.Rxb7+ Kg6 41.Qc8 Qf1+ 42.Be2  1-0

[Event "Copenhagen op17"]
[Site "Copenhagen"]
[Date "1995.??.??"]
[Round "2"]
[White "Ronneland, Daniel"]
[Black "Nordenbaek, Jan"]
[Result "1-0"]
[WhiteElo "2135"]
[BlackElo "2205"]

1.d4 Nf6 2.c4 g6 3.Nc3 Bg7 4.e4 d6 5.Nf3 O-O 6.Be2 e5 7.O-O Nc6 8.d5 Ne7
9.Ne1 Nd7 10.Be3 f5 11.f3 f4 12.Bf2 g5 13.g4 h5 14.h3 hxg4 15.hxg4 Kf7 16.Nd3 Rh8
17.c5 Nf6 18.cxd6 cxd6 19.Qb3 Ng6 20.Nb5 Rh6 21.Kg2 Nh4+ 22.Bxh4 gxh4 23.Qb4 Ne8
24.Rac1 Bd7 25.Rc3 a6 26.Na3 b5 27.Qb3 a5 28.Nxb5 a4 29.Qc4 Rb8 30.Na7 h3+
31.Kh1 Qh4 32.Nc6 Rc8 33.Qxa4 Kg8 34.Qa7 Rc7 35.Qf2 Qg5 36.b4 Kh7 37.b5 Nf6
38.b6 Rb7 39.Rg1 Nxd5 40.exd5 e4 41.Rb3 h2 42.Rd1 e3 43.Qf1 Qxd5 44.Nde5 Qe6
45.Bd3+ Kh8 46.Bf5 Qe8 47.Bxd7 Rxd7 48.Nxd7 e2 49.Qe1 exd1=Q 50.Qxd1 Re6
51.Nde5 Bxe5 52.b7 Bc3 53.b8=Q  1-0

[Event "Copenhagen op17"]
[Site "Copenhagen"]
[Date "1995.??.??"]
[Round "2"]
[White "Molvig, Henrik"]
[Black "Henrichsen, Jens"]
[Result "0-1"]
[WhiteElo "2240"]
[BlackElo "2135"]

1.d4 Nf6 2.c4 g6 3.Nc3 Bg7 4.e4 d6 5.Nf3 O-O 6.Be2 e5 7.O-O Nc6 8.d5 Ne7
9.Ne1 Nd7 10.Be3 f5 11.f3 f4 12.Bf2 g5 13.b4 Nf6 14.c5 Ng6 15.Rc1 Rf7 16.cxd6 cxd6
17.a4 Bf8 18.a5 Bd7 19.Bb5 Bc8 20.Be2 Bd7 21.Nb5 g4 22.Nxa7 g3 23.Bb6 gxh2+
24.Kxh2 Qe7 25.Rh1 Nh5 26.Kg1 Ng3 27.Rh2 h5 28.Bb5 Bxb5 29.Nxb5 Qd7 30.Qd3 Rc8
31.Rxc8 Qxc8 32.Qc2 Qd7 33.Qc4 h4 34.Nc2 Bh6 35.Nca3 Bg5 36.Qc7 Ne2+ 37.Kf2 Ng3
38.Qxd6 Nf8 39.Qxe5 Bf6 40.Qd6 Qc8 41.Qc5 Qe8 42.Qc2 Rg7 43.Bd4 Bxd4+ 44.Nxd4 Qe5
45.Nab5 Qg5 46.Kg1 Re7 47.Qc4 Kh8 48.Nd6 Qf6 49.N6b5 Qg5 50.d6 Rxe4 51.fxe4 f3
52.Qc3 f2+ 53.Kxf2 Nxe4+ 54.Kf3 Nxc3 55.Nxc3 Qg3+  0-1

[Event "Copenhagen3"]
[Site "Copenhagen"]
[Date "1995.??.??"]
[Round "5"]
[White "Larsen, Steen Skovlund"]
[Black "Henrichsen, Jens"]
[Result "1-0"]
[WhiteElo "2340"]
[BlackElo "2100"]

1.Nf3 Nf6 2.c4 g6 3.Nc3 Bg7 4.e4 d6 5.d4 O-O 6.Be2 e5 7.O-O Nc6 8.d5 Ne7
9.b4 Nh5 10.g3 f5 11.Ng5 Nf6 12.f3 Kh8 13.b5 f4 14.Kg2 Neg8 15.Nh3 Qe7 16.a4 b6
17.a5 Bd7 18.Bd2 fxg3 19.hxg3 Nh5 20.Rh1 Bf6 21.Be3 Kg7 22.Qd2 h6 23.Ra3 Bxh3+
24.Rxh3 Bg5 25.Bxg5 hxg5 26.Nd1 Qf6 27.Nf2 Nh6 28.Bd1 Rac8 29.Rh1 Rf7 30.Nh3 Nf4+
31.gxf4 gxf4 32.Rg1 Rff8 33.Kf1 Nf7 34.Qg2 Rh8 35.Ng5  1-0

[Event "Sommerskak"]
[Site "Copenhagen"]
[Date "1995.??.??"]
[Round "5"]
[White "Schandorff, Lars"]
[Black "Olsen, Henrik"]
[Result "1/2-1/2"]
[WhiteElo "2490"]
[BlackElo "2360"]

1.d4 Nf6 2.Nf3 g6 3.c4 Bg7 4.Nc3 O-O 5.e4 d6 6.Be2 e5 7.O-O Nc6 8.d5 Ne7
9.Ne1 Nd7 10.Be3 f5 11.f3 f4 12.Bf2 g5 13.a4 a6 14.a5 Ng6 15.b4 Nf6 16.c5 h5
17.cxd6 cxd6 18.Na4 g4 19.Nb6 Rb8 20.Nxc8 Rxc8 21.Nd3 g3 22.Bb6 gxh2+ 23.Kh1 Qe7
24.Qd2 Nd7 25.Bf2 Bf6 26.Rfc1 Bh4 27.Rxc8 Rxc8 28.Rc1 Qe8 29.Bxh4  1/2-1/2

[Event "Copenhagen op17"]
[Site "Copenhagen"]
[Date "1995.??.??"]
[Round "7"]
[White "Schandorff, Lars"]
[Black "Sylvan, Jacob"]
[Result "1-0"]
[WhiteElo "2450"]
[BlackElo "2225"]

1.d4 Nf6 2.Nf3 g6 3.c4 Bg7 4.Nc3 O-O 5.e4 d6 6.Be2 e5 7.O-O Nc6 8.d5 Ne7
9.Ne1 Ne8 10.Be3 f5 11.f3 Nf6 12.a4 f4 13.Bf2 g5 14.Nd3 Rf7 15.c5 Bf8 16.a5 Rg7
17.cxd6 cxd6 18.Nb5 g4 19.Bxa7 g3 20.Kh1 Rxa7 21.Nxa7 Bd7 22.Nf2 gxf2 23.Rxf2 Nh5
24.Bb5 Ng3+ 25.Kg1 Qa8 26.Bxd7 Qxa7 27.Be6+ Kh8 28.Qd2 Ng6 29.Ra3 Nh4 30.Bh3 Be7
31.Rc3 Bd8 32.b4 h6 33.hxg3 fxg3 34.Qxh6+ Kg8 35.Be6+ Rf7 36.Bxf7+ Kxf7 37.Qe6+ Kf8
38.Qxd6+ Kf7 39.Qe6+ Kf8 40.Qd6+ Kf7  1-0

[Event "ESP-chT"]
[Site "Cordoba"]
[Date "1995.??.??"]
[Round "6"]
[White "Gamundi, Antonio"]
[Black "Solana Suarez, Ernesto"]
[Result "1-0"]
[WhiteElo "2375"]
[BlackElo "2385"]

1.d4 Nf6 2.c4 g6 3.Nc3 Bg7 4.e4 d6 5.Nf3 O-O 6.Be2 e5 7.O-O Nc6 8.d5 Ne7
9.b4 Ne8 10.c5 Kh8 11.a4 Ng8 12.c6 bxc6 13.dxc6 f5 14.Bc4 Nef6 15.Bg5 h6
16.Bxf6 Nxf6 17.Nh4 Kh7 18.exf5 gxf5 19.g3 Qe8 20.b5 e4 21.Rc1 Be6 22.Qb3 Bxc4
23.Qxc4 Ng4 24.Nd5 Ne5 25.Qe2 Qf7 26.Rcd1 Nd3 27.Rxd3 exd3 28.Qxd3 Rae8 29.Ne3 Kg8
30.Nhxf5 Re5 31.g4 Qa2 32.Nxg7 Kxg7 33.Nf5+ Kh8 34.Qh3 Qe6 35.Nxh6 Re1 36.Qc3+ Re5
37.f4 Qxh6 38.fxe5 Rxf1+ 39.Kxf1 Qf4+ 40.Ke1 dxe5 41.h3 Qe4+ 42.Kd2 Qf4+
43.Qe3 Qb4+ 44.Kd3 Qb3+ 45.Ke4 Qxa4+ 46.Kf5  1-0

[Event "ESP-chT"]
[Site "Cordoba"]
[Date "1995.??.??"]
[Round "7"]
[White "Brito, Alfredo"]
[Black "Pablo Marin, Alejandro"]
[Result "1-0"]
[WhiteElo "2360"]
[BlackElo "2390"]

1.c4 Nf6 2.Nf3 g6 3.Nc3 Bg7 4.e4 d6 5.d4 O-O 6.Be2 e5 7.O-O Nc6 8.d5 Ne7
9.b4 a5 10.bxa5 c5 11.Nd2 Rxa5 12.a4 Ne8 13.Nb3 Ra6 14.Be3 f5 15.f3 f4 16.Bf2 g5
17.a5 Nf6 18.Nb5 g4 19.Nxd6 Rxd6 20.Bxc5 g3 21.h3 Bxh3 22.gxh3 Qd7 23.Bd3 Nfxd5
24.cxd5 Qxh3 25.Qc2 Rh6 26.Qg2 Qd7 27.a6 b6 28.Bb4 Ra8 29.Rfc1 Bf8 30.Rc2 Nc8
31.Bxf8 Kxf8 32.Rac1 Nd6 33.Rc6 Rh4 34.Bf1 Rd8 35.Qb2 Rh2 36.Qxe5 Nf7 37.Qxf4 Qe7
38.Rc7  1-0

[Event "ESP-chT"]
[Site "Cordoba"]
[Date "1995.??.??"]
[Round "8"]
[White "Solana Suarez, Ernesto"]
[Black "Rodriguez Talavera, Juan Carlos"]
[Result "1-0"]
[WhiteElo "2385"]
[BlackElo "2420"]

1.d4 Nf6 2.Nf3 g6 3.c4 Bg7 4.Nc3 O-O 5.e4 d6 6.Be2 e5 7.O-O Nc6 8.d5 Ne7
9.Nd2 a5 10.a3 Nd7 11.Rb1 f5 12.b4 Kh8 13.Qc2 Ng8 14.f3 axb4 15.axb4 Ngf6
16.Bd3 fxe4 17.Ndxe4 Nxe4 18.Nxe4 Nf6 19.Bg5 Bf5 20.Ra1 Rb8 21.Ng3 Bxd3 22.Qxd3 Qd7
23.Bxf6 Bxf6 24.Ne4 Bg7 25.c5 Bh6 26.Ra3 Ra8 27.Rfa1 Rab8 28.Ra7 Rfd8 29.Rd1 Qf7
30.g3 Qf5 31.Kg2 Qc8 32.Qc3 Qf5 33.Rd3 Bg7 34.Qc4 Qd7 35.Rd1 Bf8 36.Rd3 Qf7
37.Ng5 Qf6 38.Ne4 Qf7 39.Ng5 Qf6 40.Ne4 Qf7 41.Qb3 h6 42.h4 Qd7 43.Qc4 Qf7
44.cxd6 Bxd6 45.b5 Qd7 46.Rc3 Rf8 47.Qd3 Kg7 48.Qc4 Rf7 49.Qb3 Be7 50.Qc4 Bd6
51.Qb3 Be7 52.Qc4 Bf8 53.Rb3 Qf5 54.Qd3 Qd7 55.Qc4 Be7 56.Rd3 Bd6 57.Qb3 Bf8
58.b6 cxb6 59.Qxb6 Rc8 60.Qb2 Re8 61.d6 Kg8 62.Rb3 Rb8 63.Qxe5 Bg7 64.Qd5 Kh7
65.g4 Kh8 66.Rb4 Kh7 67.Nc5 Qe8 68.Re4 Qf8 69.Ne6 Qc8 70.Rc4 Qe8 71.Rc7 Rxc7
72.dxc7 Rc8 73.Rxb7 Qa4 74.Nxg7 Qc2+ 75.Kg3 Rxc7 76.Ne6  1-0

[Event "CUB-ch"]
[Site "CUB"]
[Date "1995.??.??"]
[Round "6"]
[White "Hernandez, Roman"]
[Black "Pupo, Emilio"]
[Result "1-0"]
[WhiteElo "2435"]
[BlackElo "2320"]

1.d4 Nf6 2.Nf3 g6 3.c4 Bg7 4.Nc3 O-O 5.e4 d6 6.Be2 e5 7.O-O Nc6 8.d5 Ne7
9.Nd2 a5 10.Rb1 Bd7 11.Nb3 b6 12.f4 a4 13.fxe5 dxe5 14.Nd2 Nc8 15.b4 axb3
16.axb3 c5 17.b4 Nd6 18.bxc5 bxc5 19.Qc2 Bh6 20.Nb3 Bxc1 21.Qxc1 Nfxe4 22.Nxe4 Nxe4
23.Qe3 f5 24.Nxc5 Nxc5 25.Qxc5 Ra2 26.Rf2 f4 27.Bf3 Qa8 28.d6 Qa5 29.Qd5+ Kg7
30.Qxa5 Rxa5 31.Rb7  1-0

[Event "CUB-ch"]
[Site "CUB"]
[Date "1995.??.??"]
[Round "10"]
[White "Vera, Reynaldo"]
[Black "Pupo, Emilio"]
[Result "1-0"]
[WhiteElo "2500"]
[BlackElo "2320"]

1.d4 Nf6 2.Nf3 g6 3.c4 Bg7 4.Nc3 O-O 5.e4 d6 6.Be2 e5 7.O-O Nc6 8.Be3 Ng4
9.Bg5 f6 10.Bc1 Nh6 11.dxe5 dxe5 12.Qd5+ Kh8 13.Rd1 Qe8 14.Qb5 a6 15.Qb3 Bg4
16.Nd5 Qc8 17.h3 Bxf3 18.Bxf3 Nd4 19.Rxd4 exd4 20.Bf4 Rf7 21.c5 g5 22.Bg3 Rb8
23.Rd1 Rd7 24.Qc4 Qd8 25.Qxd4 c6 26.Bxb8 Qxb8 27.Qa4 Qe5 28.Nc3 Rxd1+ 29.Qxd1 Qxc5
30.Qd7 Qb4 31.e5 f5 32.e6 Bf8 33.g4 fxg4 34.hxg4 Nxg4 35.e7 Ne5 36.e8=Q Nxf3+
37.Kf1  1-0

[Event "CZE-chT 9495"]
[Site "?"]
[Date "1995.??.??"]
[Round "7"]
[White "Frolik, Martin"]
[Black "Znamenacek, Kvetoslav"]
[Result "1/2-1/2"]
[WhiteElo "2240"]
[BlackElo "2300"]

1.d4 Nf6 2.Nf3 g6 3.c4 Bg7 4.Nc3 d6 5.e4 O-O 6.Be2 e5 7.O-O Nc6 8.d5 Ne7
9.Nd2 Ne8 10.Rb1 f5 11.b4 Kh8 12.f3 f4 13.c5 g5 14.Nc4 h5 15.Bb2 Ng8 16.Rc1 Nh6
17.Rc2 Qe7 18.Qa1 g4 19.Nb5 Nf7 20.Nxc7 Qxc7 21.cxd6 Nexd6 22.Nxe5 Qb6+ 23.Kh1 Nxe5
24.Bxe5 Rf7 25.Bxg7+ Rxg7 26.Qe5 gxf3 27.Bxf3 Bg4 28.Bxg4 hxg4 29.Rxf4 Re8
30.Qh5+ Kg8 31.Rxg4 Qd4 32.Rxg7+ Qxg7 33.h3 Rxe4 34.Qf3 Qe5 35.g3 Qxd5 36.Kg2 Rd4
37.Qxd5+ Rxd5 38.a3 Rd3 39.g4 Rxa3 40.Rc7 Rd3 41.Rd7 a6 42.h4 b5 43.h5 Rd4
44.Kf3 Nf5 45.Ra7 Ng7 46.Rxa6 Nxh5  1/2-1/2

[Event "CZE-chT 9495"]
[Site "?"]
[Date "1995.??.??"]
[Round "8"]
[White "Lechtynsky, Jiri"]
[Black "Babula, Vlastimil"]
[Result "1/2-1/2"]
[WhiteElo "2400"]
[BlackElo "2530"]

1.Nf3 Nf6 2.c4 g6 3.Nc3 Bg7 4.d4 O-O 5.e4 d6 6.Be2 e5 7.O-O Nc6 8.d5 Ne7
9.Bd2 Ne8 10.Ne1 f5 11.f3 Kh8 12.Nd3 Ng8 13.exf5 gxf5 14.f4 e4 15.Nf2 c5
16.dxc6  1/2-1/2